Napoleon (Record no. 10023)
[ view plain ]
| 000 -LEADER | |
|---|---|
| fixed length control field | 00427 a2200157 4500 |
| 020 ## - INTERNATIONAL STANDARD BOOK NUMBER | |
| International Standard Book Number | 0002115603 |
| 040 ## - CATALOGING SOURCE | |
| Original cataloging agency | Library of Congress |
| Language of cataloging | English |
| 082 00 - DEWEY DECIMAL CLASSIFICATION NUMBER | |
| Classification number | 944.050924 |
| 100 1# - MAIN ENTRY--PERSONAL NAME | |
| Personal name | Cronin, Vincent. |
| 245 00 - TITLE STATEMENT | |
| Title | Napoleon |
| 260 ## - PUBLICATION, DISTRIBUTION, ETC. | |
| Place of publication, distribution, etc. | London, |
| Name of publisher, distributor, etc. | Collins, |
| Date of publication, distribution, etc. | 1971. |
| 300 ## - PHYSICAL DESCRIPTION | |
| Extent | 480 p., 13 plates. |
| Other physical details | illus., port. |
| Dimensions | 24 cm. |
| 500 ## - GENERAL NOTE | |
| General note | Illus. on lining papers. |
| 600 00 - SUBJECT ADDED ENTRY--PERSONAL NAME | |
| Personal name | Napoleon |
| Dates associated with a name | 1769-1821. |
| 942 ## - ADDED ENTRY ELEMENTS (KOHA) | |
| Koha item type | Book |
| Call number prefix | 944.050924 CRO |
| Source of classification or shelving scheme | |
| Withdrawn status | Lost status | Damaged status | Not for loan | Collection code | Permanent Location | Current Location | Shelving location | Date acquired | Source of acquisition | Cost, normal purchase price | Total Checkouts | Full call number | Barcode | Date last seen | Date last checked out | Price effective from | Koha item type |
|---|---|---|---|---|---|---|---|---|---|---|---|---|---|---|---|---|---|
| Central Library (CL) | Central Library (CL) | General Stacks | 02/06/2003 | Book Field | 637.50 | 1 | 944.050924 CRO | SEECS003065 | 09/04/2019 | 05/06/2019 | 01/05/2017 | Book |
